František Xaver Brixi a dobová hudobná kultúra Slovenska

Bibliographic Details
Main Author: Múdra, Darina, 1942- (Author)
Format: Article
Language:Slovak
Subjects:

MARC

LEADER 00000nab a2200000 a 4500
001 vtls000191195
003 SK-MaSNL
005 20260304061014.0
008 250422c1984 xo 0 slo
015 |a SNBRB19rr/mm-uuuuu 
035 |a CL0201308 
035 |a urn:nbn:sk:snk-ab2b1b 
035 |a (urnnbn)urn:nbn:sk:snk:ar-a021y5 
035 |a (uuid)fb73d442-f8ac-4788-a9ef-5199f136aa02 
040 |a SNKBUCL  |b slo  |c SNKBUCL  |e AACR2 
041 0 |a slo 
044 |a xo  |c SK 
080 |a 78.071.1  |2 1981 
080 |a 78.071.2  |2 1981 
080 |a 786.6  |2 1981 
080 |a 929 Brixi, František Xaver  |2 1981 
100 1 |a Múdra, Darina,  |d 1942-  |4 aut  |9 13631 
245 1 0 |a František Xaver Brixi a dobová hudobná kultúra Slovenska  |c Darina Múdra 
650 0 7 |a Brixi, František Xaver,  |d 1732-1771  |2 snkbucl  |9 1344941 
655 7 |a články z novín a časopisov  |2 snkbucl  |9 267496 
773 0 |t Hudobný život  |g Roč. 16, č. 15 (1984), s. 8 
850 |a Slovenská národná knižnica 
852 |a Slovenská národná knižnica 
954 |a odborná, vedecká literatúra pôvodná (slovenská)  |2 lita 
958 |a article27 
958 |a OND 
958 |a RK 
958 |a CZ 
958 |a EUIPO 
992 |a RBX 
999 |c 2731007  |d 2732937